书目信息 |
| 题名: |
电工材料学
|
|
| 作者: | мм·米哈依洛夫 著 ;张荣祥 译 | |
| 分册: | ||
| 出版信息: | 北京 高等教育出版社 1956.04 |
|
| 页数: | 325页 | |
| 开本: | 20cm | |
| 丛书名: | ||
| 单 册: | ||
| 中图分类: | TM2 | |
| 科图分类: | ||
| 主题词: | 电工材料 | |
| 电子资源: | ||
| ISBN: | ||
| 000 | 00688nam0 2200229 450 | |
| 001 | 0654429140 | |
| 005 | 20061121160800.10 | |
| 010 | @dCNY1.50 | |
| 091 | @a15010.1 | |
| 100 | @a20061121d1956 km y0chiy0120 ea | |
| 101 | 0 | @achi |
| 102 | @aCN@b110000 | |
| 200 | 1 | @a电工材料学@Adian gong cai liao xue@f(苏)мм·米哈依洛夫著@F(su)мм·mi ha yi luo fu zhu@g张荣祥译@Gzhang rong xiang yi |
| 210 | @a北京@c高等教育出版社@d1956.04 | |
| 215 | @a325页@d20cm | |
| 300 | @a高等学校教学用书 | |
| 606 | 0 | @a电工材料 |
| 690 | @aTM2@v3 | |
| 701 | 0 | @aмм·米哈依洛夫@Aмм·mi ha yi luo fu@4著 |
| 702 | 0 | @a张荣祥@Azhang rong xiang@4译 |
| 801 | 0 | @aCN@bPFT@c20061121 |
| 905 | @a10447@dTM2@e4 | |
| 电工材料学/(苏)мм·米哈依洛夫著/张荣祥译.-北京:高等教育出版社,1956.04 |
| 325页;20cm |
| 高等学校教学用书 |
| ISBN :CNY1.50 |
| ● |
| 相关链接 |
|
|
|
|
正题名:电工材料学
索取号:TM2/4
 
预约/预借
| 序号 | 登录号 | 条形码 | 馆藏地/架位号 | 状态 | 备注 |
| 1 | 0016731 | 001344432 | 第二样本阅览室/ [索取号:TM2/4] | 在馆 |